| 000 | 00494nam a2200205Ia 4500 | ||
|---|---|---|---|
| 005 | 20140402154620.0 | ||
| 008 | 140130s9999 xx 000 0 und d | ||
| 020 | _a9780545203180 | ||
| 050 |
_aPZ 7 _b.M47841448 2010 |
||
| 100 |
_aMcCoy, Mimi _927072 |
||
| 245 |
_cMimi McCoy. _aThe dead end / |
||
| 260 |
_bScholastic, _c2010. _aUSA : |
||
| 300 |
_a174 p. : _c20 cm. |
||
| 440 |
_v1 _930969 |
||
| 521 | _aG3 | ||
| 526 | _c590 | ||
| 942 |
_cBK _2lcc |
||
| 999 |
_c40736 _d40736 |
||